Accounting. --3rd ed. annotated instructor's edition (Record no. 75579)

MARC details
000 -LEADER
fixed length control field 01017nam a2200229 a 4500
008 - FIXED-LENGTH DATA ELEMENTS--GENERAL INFORMATION
fixed length control field 080422s1996 ||||||||||||||||| || u
020 ## - INTERNATIONAL STANDARD BOOK NUMBER
International Standard Book Number 0133060519
050 ## - LIBRARY OF CONGRESS CALL NUMBER
Classification number HF 5635 Hor
100 ## - MAIN ENTRY--PERSONAL NAME
Personal name Harrison
245 10 - TITLE STATEMENT
Title Accounting. --3rd ed. annotated instructor's edition
Statement of responsibility, etc. Charles T. Horgren; Walter T. Harrison; Michael A Robinson
250 ## - EDITION STATEMENT
Edition statement 3rd ed.
260 ## - PUBLICATION, DISTRIBUTION, ETC.
Place of publication, distribution, etc. Eng;ewood Cliff, New Jersey
Name of publisher, distributor, etc. FT Prentice-Hall
Date of publication, distribution, etc. 1996
300 ## - PHYSICAL DESCRIPTION
Extent xxvi, 1126p.: ill, variant pagings
350 ## -
-- 0.00
650 #0 - SUBJECT ADDED ENTRY--TOPICAL TERM
Topical term or geographic name entry element MANAGERIAL ACCOUNTING
650 #0 - SUBJECT ADDED ENTRY--TOPICAL TERM
Topical term or geographic name entry element ACCOUNTING--HANDBOOKS, MANUALS, ETC
700 ## - ADDED ENTRY--PERSONAL NAME
Personal name Horgren, Charles T
700 ## - ADDED ENTRY--PERSONAL NAME
Personal name Walter T
700 ## - ADDED ENTRY--PERSONAL NAME
Personal name Robinson, Michael A
995 ## -
-- ANNEX COLLECTION (Main Library)
-- 0.00
-- 729449
-- CBU-MAIN LIBRARY (Kitwe)
-- 1
-- 0.00
-- HF 5635 Hor
-- 1
-- AVAILABLE
-- Apr 22, 2008
-- 021406
-- Annex Low-Usage Collection
995 ## -
-- ANNEX COLLECTION (Main Library)
-- 0.00
-- 729448
-- CBU-MAIN LIBRARY (Kitwe)
-- 1
-- 0.00
-- HF 5635 Hor
-- 2
-- AVAILABLE
-- Apr 22, 2008
-- 021412
-- Annex Low-Usage Collection
999 ## -
-- 75579
-- 75579
Holdings
Withdrawn status Lost status Source of classification or shelving scheme Damaged status Not for loan Permanent Location Current Location Shelving location Date acquired Total Checkouts Full call number Barcode Date last seen Copy number Price effective from Koha item type
          CBU-MAIN LIBRARY, KITWE. CBU-MAIN LIBRARY, KITWE.   03/30/2023   HF 5635 Hor 021406 03/30/2023 1 03/30/2023 MONOGRAPH
          CBU-MAIN LIBRARY, KITWE. CBU-MAIN LIBRARY, KITWE.   03/30/2023   HF 5635 Hor 021412 03/30/2023 2 03/30/2023 MONOGRAPH